Games and Bereavement : (Record no. 70069)

MARC details
000 -LEADER
fixed length control field 03862nam a22006615i 4500
005 - DATE AND TIME OF LATEST TRANSACTION
control field 20230718140301.0
006 - FIXED-LENGTH DATA ELEMENTS--ADDITIONAL MATERIAL CHARACTERISTICS
fixed length control field m|||||o||d||||||||
007 - PHYSICAL DESCRIPTION FIXED FIELD--GENERAL INFORMATION
fixed length control field cr || ||||||||
008 - FIXED-LENGTH DATA ELEMENTS--GENERAL INFORMATION
fixed length control field 220629t20192018gw fo d z eng d
020 ## - INTERNATIONAL STANDARD BOOK NUMBER
International Standard Book Number 9783839444153
040 ## - CATALOGING SOURCE
Original cataloging agency DE-B1597
Language of cataloging eng
Transcribing agency DE-B1597
Description conventions rda
041 0# - LANGUAGE CODE
Language code of text/sound track or separate title eng
050 #4 - LIBRARY OF CONGRESS CALL NUMBER
Classification number GV1469
082 04 - DEWEY DECIMAL CLASSIFICATION NUMBER
Classification number 794.8
100 1# - MAIN ENTRY--PERSONAL NAME
Personal name Harrer, Sabine,
Relator term author.
Relator code aut
-- http://id.loc.gov/vocabulary/relators/aut
245 10 - TITLE STATEMENT
Title Games and Bereavement :
Remainder of title How Video Games Represent Attachment, Loss, and Grief /
Statement of responsibility, etc. Sabine Harrer.
264 #1 - PRODUCTION, PUBLICATION, DISTRIBUTION, MANUFACTURE, AND COPYRIGHT NOTICE
Place of production, publication, distribution, manufacture Bielefeld :
Name of producer, publisher, distributor, manufacturer transcript Verlag,
Date of production, publication, distribution, manufacture, or copyright notice [2019]
264 #4 - PRODUCTION, PUBLICATION, DISTRIBUTION, MANUFACTURE, AND COPYRIGHT NOTICE
Date of production, publication, distribution, manufacture, or copyright notice ©2018
300 ## - PHYSICAL DESCRIPTION
Extent 1 online resource (274 p.)
336 ## - CONTENT TYPE
Content type term text
Content type code txt
Source rdacontent
337 ## - MEDIA TYPE
Media type term computer
Media type code c
Source rdamedia
338 ## - CARRIER TYPE
Carrier type term online resource
Carrier type code cr
Source rdacarrier
347 ## - DIGITAL FILE CHARACTERISTICS
File type text file
Encoding format PDF
Source rda
490 0# - SERIES STATEMENT
Series statement Edition Medienwissenschaft ;
Volume/sequential designation 55
505 00 - FORMATTED CONTENTS NOTE
Title Frontmatter --
-- Table of Contents --
-- Credits --
-- Introduction --
-- Part 1: Theory --
-- 1.1 Videogame Representation --
-- 1.2 Understanding Bereavement --
-- Part 2: Analysis --
-- 2.1 Of Limit Breaks and Ghost Glitches: Losing Aeris in Final Fantasy VII --
-- 2.2 "You Were There": Losing Yorda in Ico --
-- 2.3 Conjugal Love: Losing the Spouse in Passage --
-- 2.4 Losing Big Brother in Brothers: A Tale of Two Sons --
-- 2.5 "Let's All Be Good Mothers OK": Losing the Badger Cubs in Shelter --
-- 2.6 Designing for Loss and Grief: A Summary --
-- Part 3: Design --
-- 3.1 Grief-Based Game Design: A Case Study on Pregnancy Loss --
-- 3.2 Ideation with the Bereaved: The Trauerspiel Workshop --
-- 3.3 Designing Jocoi: A Game about Pregnancy Loss --
-- 3.4 On the Question of Impact: Evaluating Jocoi --
-- Making Space for Grief: Conclusive Thoughts --
-- References
506 0# - RESTRICTIONS ON ACCESS NOTE
Standardized terminology for access restriction unrestricted online access
Source of term star
520 ## - SUMMARY, ETC.
Summary, etc. How can videogames portray love and loss? Games and Bereavement answers this question by analysing five videogames and conducting a participatory design study with grievers. Sabine Harrer offers both theoretical and practical perspectives on videogames and grief and suggests a design model for videogames to include grievers into game development. Overall, she explores how videogames can be used as contemporary medium for personal storytelling.
536 ## - FUNDING INFORMATION NOTE
Text of note funded by Knowledge Unlatched - KU Select 2018: Frontlist Collection
538 ## - SYSTEM DETAILS NOTE
System details note Mode of access: Internet via World Wide Web.
540 ## - TERMS GOVERNING USE AND REPRODUCTION NOTE
Terms governing use and reproduction This eBook is made available Open Access under a CC BY 4.0 license:
Uniform Resource Identifier <a href="https://creativecommons.org/licenses/by/4.0 ">https://creativecommons.org/licenses/by/4.0 </a>
-- <a href="https://www.degruyter.com/dg/page/open-access-policy">https://www.degruyter.com/dg/page/open-access-policy</a>
546 ## - LANGUAGE NOTE
Language note In English.
588 0# - SOURCE OF DESCRIPTION NOTE
Source of description note Description based on online resource; title from PDF title page (publisher's Web site, viewed 29. Jun 2022)
650 #0 - SUBJECT ADDED ENTRY--TOPICAL TERM
Topical term or geographic name entry element Bereavement in video games.
650 #0 - SUBJECT ADDED ENTRY--TOPICAL TERM
Topical term or geographic name entry element Video games
General subdivision Psychological aspects.
650 #4 - SUBJECT ADDED ENTRY--TOPICAL TERM
Topical term or geographic name entry element Art Therapy.
650 #4 - SUBJECT ADDED ENTRY--TOPICAL TERM
Topical term or geographic name entry element Attachment.
650 #4 - SUBJECT ADDED ENTRY--TOPICAL TERM
Topical term or geographic name entry element Computer Games.
650 #4 - SUBJECT ADDED ENTRY--TOPICAL TERM
Topical term or geographic name entry element Grief.
650 #4 - SUBJECT ADDED ENTRY--TOPICAL TERM
Topical term or geographic name entry element Media Aesthetics.
650 #4 - SUBJECT ADDED ENTRY--TOPICAL TERM
Topical term or geographic name entry element Media Design.
650 #4 - SUBJECT ADDED ENTRY--TOPICAL TERM
Topical term or geographic name entry element Media Studies.
650 #4 - SUBJECT ADDED ENTRY--TOPICAL TERM
Topical term or geographic name entry element Media.
650 #7 - SUBJECT ADDED ENTRY--TOPICAL TERM
Topical term or geographic name entry element SOCIAL SCIENCE / Media Studies.
Source of heading or term bisacsh
653 ## - INDEX TERM--UNCONTROLLED
Uncontrolled term Art Therapy.
653 ## - INDEX TERM--UNCONTROLLED
Uncontrolled term Attachment.
653 ## - INDEX TERM--UNCONTROLLED
Uncontrolled term Computer Games.
653 ## - INDEX TERM--UNCONTROLLED
Uncontrolled term Grief.
653 ## - INDEX TERM--UNCONTROLLED
Uncontrolled term Media Aesthetics.
653 ## - INDEX TERM--UNCONTROLLED
Uncontrolled term Media Design.
653 ## - INDEX TERM--UNCONTROLLED
Uncontrolled term Media Studies.
653 ## - INDEX TERM--UNCONTROLLED
Uncontrolled term Media.
710 2# - ADDED ENTRY--CORPORATE NAME
Corporate name or jurisdiction name as entry element Knowledge Unlatched - KU Select 2018: Frontlist Collection
Relator term funder.
Relator code fnd
-- http://id.loc.gov/vocabulary/relators/fnd
776 0# - ADDITIONAL PHYSICAL FORM ENTRY
Qualifying information print
International Standard Book Number 9783837644159
856 40 - ELECTRONIC LOCATION AND ACCESS
Uniform Resource Identifier <a href="https://doi.org/10.1515/9783839444153?locatt=mode:legacy">https://doi.org/10.1515/9783839444153?locatt=mode:legacy</a>
Public note Open Access
-- 0
856 40 - ELECTRONIC LOCATION AND ACCESS
Uniform Resource Identifier <a href="https://www.degruyter.com/isbn/9783839444153">https://www.degruyter.com/isbn/9783839444153</a>
Public note Open Access
-- 0
856 42 - ELECTRONIC LOCATION AND ACCESS
Materials specified Cover
Uniform Resource Identifier <a href="https://www.degruyter.com/document/cover/isbn/9783839444153/original">https://www.degruyter.com/document/cover/isbn/9783839444153/original</a>
942 ## - ADDED ENTRY ELEMENTS (KOHA)
Koha item type E-Book
Holdings
Withdrawn status Damaged status Not for loan Home library Current library Date acquired Total Checkouts Date last seen Price effective from Koha item type
      De Gruyter De Gruyter 12/29/2022   12/29/2022 12/29/2022 E-Book

University of Rizal System
Email us at univlibservices@urs.edu.ph

Visit our Website www.urs.edu.ph/library